Origines et débuts des partis communistes des pays latins (1919-1923) /
| Other Authors: | , |
|---|---|
| Format: | Book |
| Language: | French German Italian |
| Published: |
Dordrecht :
D. Reidel,
[1970]
|
| Series: | Archives de Jules Humbert-Droz ;
1. |
| Subjects: |
MARC
| Tag | First Indicator | Second Indicator | Subfields |
|---|---|---|---|
| LEADER | 00000cam a22000001 4500 | ||
| 001 | in00000013249 | ||
| 005 | 20151007052349.0 | ||
| 008 | 770104s1970 ne b 00110 fre | ||
| 010 | |a 77530000 | ||
| 020 | |a 9027701539 | ||
| 035 | |a (OCoLC)00305106 | ||
| 035 | |9 AAA7463AM | ||
| 040 | |a DLC |c CMC |d DLC |d m.c. |d TXA |d UtOrBLW | ||
| 041 | 0 | |a fre |a ger |a ita | |
| 049 | |a TXAM |c [A11048911] | ||
| 050 | 0 | 0 | |a HX237 |b .B3 |
| 100 | 1 | |a Bahne, Siegfried, |e compiler. | |
| 245 | 1 | 0 | |a Origines et débuts des partis communistes des pays latins (1919-1923) / |c Textes établis et annotés par Siegfried Bahne. |
| 264 | 1 | |a Dordrecht : |b D. Reidel, |c [1970] | |
| 264 | 4 | |c [©1970] | |
| 300 | |a xliii, 655 pages ; |c 23 cm. | ||
| 336 | |a text |b txt |2 rdacontent | ||
| 337 | |a unmediated |b n |2 rdamedia | ||
| 338 | |a volume |b nc |2 rdacarrier | ||
| 490 | 1 | |a Archives de Jules Humbert-Droz, |v 1 | |
| 500 | |a French, German, or Italian. | ||
| 500 | |a Documents from the personal archives of J. Humbert-Droz. | ||
| 504 | |a Bibliography: pages 632-639. | ||
| 500 | |a Includes indexes. | ||
| 650 | 0 | |a Communism |z Europe |x History |x Sources. | |
| 650 | 0 | |a Communist parties |x History |x Sources. | |
| 700 | 1 | |a Humbert-Droz, Jules. | |
| 830 | 0 | |a Archives de Jules Humbert-Droz ; |v 1. | |
| 999 | |a MARS | ||
| 999 | f | f | |s 227205e0-7c81-3258-8227-357b7934396a |i 15183426-6769-31e5-b084-628bb4b0d58b |t 0 |
| 952 | f | f | |p ric |a Texas A&M University |b Rellis Campus |c Joint Library Facility |d Remote Storage |t 0 |e HX237 .B3 |h Library of Congress classification |i unmediated -- volume |m A14811048911 |
| 998 | f | f | |a HX237 .B3 |t 0 |l Remote Storage |